| 000 | 01195nam a22002537a 4500 | ||
|---|---|---|---|
| 005 | 20250428161119.0 | ||
| 008 | 250428b |||||||| |||| 00| 0 eng d | ||
| 020 | _a81-7702-147-2 (hbk) | ||
| 037 | _cTB | ||
| 040 |
_aCRL _cCRL |
||
| 041 |
_2hin _ahin |
||
| 084 |
_aO15:gxE55,3 152P8 _qCRL |
||
| 100 |
_aभोजराज _9753339 |
||
| 245 | _aयुक्तिकल्पतरु | ||
| 260 |
_aदिल्ली, भारत: _bप्रतिभा प्रकाशन, _c2008. |
||
| 300 | _a371पृ0 | ||
| 365 |
_b1595.00 _cINR |
||
| 490 |
_aप्राचीन भारतीय तकनीकी ग्रंथमाला _v1 |
||
| 546 | _aTranslated from Sanskrit to Hindi | ||
| 650 | _2संस्कृत साहित्य | ||
| 700 |
_aराजपुरोहित, भगवतीलाल _bलेखक _9753340 |
||
| 942 |
_2CC _cTB _hO15:gxE55,3 152P8 _n0 |
||
| 999 |
_c1309686 _d1309686 |
||